Worldwide leasing guidelines (Record no. 110089)

MARC details
000 -LEADER
fixed length control field 00928cad a22002055a 4500
001 - CONTROL NUMBER
control field E148533
008 - FIXED-LENGTH DATA ELEMENTS--GENERAL INFORMATION
fixed length control field 090930s2009 xxk f 000 0 eng d
035 ## - SYSTEM CONTROL NUMBER
System control number (Sirsi) u148533
041 0# - LANGUAGE CODE
Language code of text/sound track or separate title eng
050 04 - LIBRARY OF CONGRESS CALL NUMBER
Classification number 346.4104343 $2 18
110 2# - MAIN ENTRY--CORPORATE NAME
Corporate name or jurisdiction name as entry element Colliers International
9 (RLIN) 5548
245 00 - TITLE STATEMENT
Title Worldwide leasing guidelines
Remainder of title overview
Medium [electronic resource]
260 ## - PUBLICATION, DISTRIBUTION, ETC.
Place of publication, distribution, etc. [S.l.]
Name of publisher, distributor, etc. Colliers
Date of publication, distribution, etc. 2007
520 ## - SUMMARY, ETC.
Summary, etc. Provides information on leases in a number of major countries currently active in this field. Covers the length of the lease, how rent is quoted, whether options to renew or extend the lease are available, primary markets for each country, and the contact details of the relevant Colliers Office.
590 ## - LOCAL NOTE (RLIN)
Local note KA
651 #4 - SUBJECT ADDED ENTRY--GEOGRAPHIC NAME
Geographic name International
690 ## - LOCAL SUBJECT ADDED ENTRY--TOPICAL TERM (OCLC, RLIN)
Topical term or geographic name as entry element PROPERTY-COMMERCIAL PROPERTY-COMMERCIAL LANDLORD AND TENANT
856 40 - ELECTRONIC LOCATION AND ACCESS
Uniform Resource Identifier <a href="https://www.colliers.com">https://www.colliers.com</a>
Public note View the item free of charge at www.colliers.com...
942 ## - ADDED ENTRY ELEMENTS (KOHA)
Suppress in OPAC 0
Holdings
Withdrawn status Lost status Source of classification or shelving scheme Damaged status Not for loan Home library Current library Shelving location Date acquired Total Checkouts Full call number Barcode Date last seen Copy number Price effective from Koha item type
    Dewey Decimal Classification     Virtual Virtual Online 30/09/2009   ONLINE PUBLICATION 148533-2001 06/08/2019 1 06/08/2019 Book